Test de rapidité: tables de 1 à 10 - Statistiques

Statistiques générales
  • Ce quiz a été pris 116 fois
  • Le résultat moyen est 83 sur 100
Statistiques - réponses
Réponse % Correct
1
100%
2
99%
3
99%
4
99%
5
99%
6
99%
7
99%
8
99%
9
99%
10
97%
12
97%
16
96%
14
94%
18
94%
20
94%
15
92%
30
92%
40
92%
21
90%
24
87%
27
86%
50
85%
36
83%
32
79%
45
79%
35
77%
60
77%
25
75%
28
75%
70
66%
42
63%
48
61%
80
58%
54
55%
90
54%
56
48%
49
46%
100
45%
63
35%
72
32%
64
30%
81
24%
Aucun quiz correspondant
Distribution des résultats
% des personnes avec chaque résultat
Percentile par nombre de réponses
Votre historique - résultats
Vous n’avez pas pris ce quiz